WBCSD sector projects : the power of working together

Αποθηκεύτηκε σε:
Λεπτομέρειες βιβλιογραφικής εγγραφής
Συγγραφή απο Οργανισμό/Αρχή: World Business Council for Sustainable Development
Μορφή: Βιβλίο
Γλώσσα:English
Δημοσίευση: [Χ.τ.] : World Business Council for Sustainable Development, 2006
Σειρά:Dedicated to making a difference
Θέματα:
Ετικέτες: Προσθήκη ετικέτας
Δεν υπάρχουν, Καταχωρήστε ετικέτα πρώτοι!

MARC

LEADER 00000nam a2200000 i 4500
001 1/73209
008 080204s2006 eng d
020 |a 2-940-240-94-9 
035 |l 10094340 
040 |a GR-MY-UA  |b gre  |e aacr 
041 0 |a eng 
082 0 |a 363.7  |2 (22) 
110 2 |a World Business Council for Sustainable Development. 
245 1 0 |a WBCSD sector projects :  |b the power of working together /  |c World Business Council for Sustainable Development 
260 |a [Χ.τ.] :   |b World Business Council for Sustainable Development,   |c 2006 
300 |a 28 σ.;  |b έγχρ. εικ.;  |c 30 εκ. 
490 1 |a Dedicated to making a difference 
650 0 0 |a Sustainable development. 
650 0 0 |a Environmental policy. 
650 0 0 |a Environmental management. 
650 0 0 |a Social responsibility of business. 
830 0 |a Dedicated to making a difference 
852 |a INST  |b LESVOS  |e 20080204  |h 363.7 WOR  |p 005100040225  |q 005100040225  |t BK  |y 0 
901 |a BIBL1-2008-1 
909 |a Λ  |b 144654 
922 |a 1ΕΛΗ  |b 200801  |c ΕΠΕΑΕΚ2/ΤΠ  |d ΠΑΠΑΣΩΤΗΡΙΟΥ 
970 |a ΚΑΡΑ  |b ΓΙΑΣΕΜΗ  |z 2008/02/04